Plan de comunicaciòn interna, para la Municipalidad de Villanueva, Cortès / (Registro nro. 14529)

000 -CABECERA
Campo de control de longitud fija 00822nam a22001577a 4500
008 - CAMPO FIJO DE DESCRIPCIÓN FIJA--INFORMACIÓN GENERAL
Campo de control de longitud fija 140624b2008 ho ||||| |||| 00| 0 spa d
090 ## - CAMPOS LOCALES
Número de clasificación (OCLC) ; Número de clasificación,LLAMADA (RLIN) 00386
Signatura local (OCLC) ; Signatura sin dividir, número de libro, CALL (RLIN) CCP 2020
100 ## - ENCABEZAMIENTO PRINCIPAL--NOMBRE PERSONAL
Nombre de persona Hernàndez Hernàndez, Sandra Melisa
9 (RLIN) 97
245 ## - TÍTULO PROPIAMENTE DICHO
Título Plan de comunicaciòn interna, para la Municipalidad de Villanueva, Cortès /
Mención de responsabilidad, etc. Sandra Melisa Hernàndez Hernandez
260 ## - PUBLICACIÓN, DISTRIBUCIÓN, ETC (PIE DE IMPRENTA)
Lugar de publicación, distribución, etc. Honduras, San Pedro Sula :
Nombre del editor, distribuidor, etc. Universidad de San Pedro Sula,
Fecha de publicación, distribución, etc. 2020
300 ## - DESCRIPCIÓN FÍSICA
Extensión 73p.
502 ## - NOTA DE TESIS
Programa Académico Licenciatura en Ciencias de la Comunicaciòn y Pùblicidad /
Nombre de la institución que otorga el título Universidad de San Pedro Sula.
650 ## - ASIENTO SECUNDARIO DE MATERIA--TÉRMINO DE MATERIA
Subdivisión general PROPUESTA DEFINITIVA
-- PLAN DE INVERSIÒN
-- EL SISTEMA DE RECURSOS HUMANOS
-- EL PRODUCTO O SERVICIO
9 (RLIN) 1034
856 ## - ACCESO ELECTRÓNICO
Identificador uniforme del recurso URI https://drive.google.com/open?id=1lcWjJBH_xj7LX4pXe-XgEnniBnwQSVAx
942 ## - ELEMENTOS KOHA
Fuente de clasificación o esquema de ordenación en estanterías
Koha tipo de item Monografía
Parte de Clasificación 00386 CCP 2020
Existencias
Localización permanente Formato de Material Mostrar en OPAC Estado Localización actual Fecha adquisición Disponibilidad Fuente de clasificación o esquema Fecha última consulta Código de barras Signatura completa Tipo de Descarte Asignatura Colección Fecha de Descarte Ejemplar
Biblioteca Central Papel NULLBiblioteca Central 2022-09-05NULL 2022-09-051965400386 CCP 2020NULLUSAPHemeroteca2022-09-05Ej. 1

Campus Universitario - Ave. Circunvalación - San Pedro Sula, Honduras, C.A. / Tel: +504 2561.8777 / Fax: +504 2561.8787 / Email: info@usap.edu
Todos los Derechos Reservados. © MMXIII Universidad de San Pedro Sula